Least Visited Caribbean Island (2017, Fast) - Statistics

General Stats
  • This quiz has been taken 17 times
  • The average score is 3 of 10
Answer Stats
Rank (least visited) Island % Correct
8th St Kitts & Nevis
82%
5th St Vincent & the Grenadines
64%
10th Grenada
36%
7th Dominica
27%
2nd Saba
18%
6th Anguilla
9%
9th Bonaire
9%
1st Montserrat
9%
3rd Sint Eustatius
9%
4th St Barthelemy
9%
No matching quizzes found
Score Distribution
Percent of People with Each Score
Percentile by Number Answered
Your Score History
You have not taken this quiz